[Event "Bom Jesus do Itabapoana op 1st"]
[Site "Bom Jesus do Itabapoana"]
[Date "2021.08.28"]
[Round "5"]
[White "Silveira, Sergio Rodrigues"]
[Black "Simas, Breno Matos"]
[Result "1-0"]
[WhiteElo "2140"]
[BlackElo "1655"]
[PlyCount "103"]
[EventDate "2021.08.26"]
[EventType "swiss"]
[EventRounds "6"]
[EventCountry "BRA"]
[SourceTitle "CBM 204 Extra"]
[Source "ChessBase"]
[SourceDate "2021.11.30"]
[SourceVersion "1"]
[SourceVersionDate "2021.11.30"]
[SourceQuality "1"]

1. e4 c6 2. d4 d5 3. e5 c5 4. dxc5 Nc6 5. a3 a5 6. c3 Bf5 7. Bb5 e6 8. b4 Nge7 9. Bb2 Ng6 10. Nf3 Bg4 11. h3 Bxf3 12. Qxf3 Ngxe5 13. Qe2 Qc7 14. 0-0 Be7 15. Nd2 0-0 16. f4 Nd7 17. Bd3 Bf6 18. Nb3 Rfe8 19. Qd2 a4 20. Nd4 Nxd4 21. cxd4 b6 22. Rac1 Reb8 23. Bc3 b5 24. Rce1 g6 25. Rf3 Nf8 26. g4 Bh4 27. Re2 f5 28. Rg2 Kf7 29. Qe2 Qc6 30. g5 Rb7 31. Be1 Bxe1 32. Qxe1 Re8 33. h4 Ree7 34. Rh2 Kg8 35. Qf1 Rg7 36. Kf2 Kf7 37. Qe2 Rb8 38. Ke1 Rb7 39. Kd2 Rb8 40. Kc3 Rb7 41. Rfh3 Rb8 42. Qe3 Rb7 43. h5 Rb8 44. hxg6+ hxg6 45. Rh8 Qc7 46. R2h4 Rb7 47. Qe2 Qd7 48. Qe5 Qe7 49. c6 Rb6 50. Bxb5 Rxb5 51. c7 Nd7 52. Qxg7+ 1-0

[Event "Vitoria Espirito Sancto op"]
[Site "Vitoria"]
[Date "2006.12.??"]
[Round "6"]
[White "Souza Filho, Namyr Carlos"]
[Black "Silveira, Sergio Rodrigues"]
[Result "0-1"]
[WhiteElo "2131"]
[BlackElo "2127"]
[PlyCount "82"]
[EventDate "2006.12.??"]
[EventType "swiss"]
[EventRounds "7"]
[EventCountry "BRA"]
[SourceTitle "EXT 2014"]
[Source "ChessBase"]
[SourceDate "2013.11.20"]
[SourceVersion "1"]
[SourceVersionDate "2013.11.20"]
[SourceQuality "1"]

1. e4 c5 2. Nf3 d6 3. d4 cxd4 4. Nxd4 Nf6 5. Nc3 a6 6. Bg5 e6 7. f4 Qc7 8. Qf3 Be7 9. 0-0-0 Nc6 10. Be2 Bd7 11. Qg3 Rc8 12. Kb1 Nxd4 13. Rxd4 b5 14. Rc1 Qc5 15. Qd3 b4 16. Bxf6 gxf6 17. Na4 Bxa4 18. Qxa6 Qxd4 19. Qxc8+ Bd8 20. Qa6 Bd7 21. Rd1 Qb6 22. Qd3 Be7 23. f5 0-0 24. h4 Rc8 25. g4 Ba4 26. b3 Rc3 27. Qd2 Bb5 28. Bxb5 Qxb5 29. a3 Qe5 30. axb4 Rc8 31. Qd4 Qxd4 32. Rxd4 Kf8 33. c4 Rb8 34. b5 Ke8 35. Rd2 Ra8 36. Kb2 Kd7 37. b4 Kc7 38. Kc3 Ra3+ 39. Kd4 Rb3 40. Ra2 Kb7 41. Ra4 e5+ 0-1

[Event "Lisbonne CEAX op 1st"]
[Site "Lisbonne"]
[Date "2006.03.11"]
[Round "2"]
[White "Silveira, Sergio Rodrigues"]
[Black "Campos, Esevandro"]
[Result "1-0"]
[WhiteElo "2126"]
[BlackElo "1864"]
[PlyCount "50"]
[EventDate "2006.03.10"]
[EventType "swiss"]
[EventRounds "6"]
[EventCountry "BRA"]
[SourceTitle "EXT 2008"]
[Source "ChessBase"]
[SourceDate "2007.11.25"]
[SourceVersion "1"]
[SourceVersionDate "2007.11.25"]
[SourceQuality "1"]

1. e4 c5 2. Nf3 Nc6 3. d4 cxd4 4. Nxd4 d6 5. c4 Nf6 6. Nc3 a6 7. Be2 e6 8. 0-0 Be7 9. Be3 0-0 10. f4 Bd7 11. Nb3 Qc7 12. Qe1 Rac8 13. Rc1 Rfe8 14. g4 h6 15. Qg3 Nh7 16. h4 Qd8 17. g5 hxg5 18. hxg5 g6 19. Rf2 Kg7 20. Rg2 Rh8 21. Rf1 Qg8 22. Nd4 e5 23. Nxc6 Bxc6 24. fxe5 Rd8 25. Nd5 Bxd5 1-0

[Event "Estadual-ch"]
[Site "Vitoria"]
[Date "2004.11.??"]
[Round "3"]
[White "Cantarino Neto, Mario Ribeiro"]
[Black "Silveira, Sergio Rodrigues"]
[Result "1/2-1/2"]
[WhiteElo "2198"]
[BlackElo "2135"]
[PlyCount "51"]
[EventDate "2004.11.27"]
[EventType "swiss"]
[EventRounds "8"]
[EventCountry "BRA"]
[SourceTitle "EXT 2022"]
[Source "ChessBase"]
[SourceDate "2021.10.06"]
[SourceVersion "1"]
[SourceVersionDate "2021.10.06"]
[SourceQuality "1"]

1. d4 Nf6 2. c4 e6 3. Nf3 b6 4. g3 Bb7 5. Bg2 Be7 6. 0-0 0-0 7. Nc3 Ne4 8. Qc2 Nxc3 9. Qxc3 c5 10. Be3 Bf6 11. Qd2 d6 12. Rad1 Qc8 13. d5 exd5 14. cxd5 Nd7 15. Bf4 Qc7 16. e4 Rfe8 17. Rfe1 b5 18. Bg5 Bxg5 19. Qxg5 f6 20. Qf4 a6 21. h4 Ne5 22. Nxe5 fxe5 23. Qg5 Qe7 24. Qxe7 Rxe7 25. Bh3 Bc8 26. Bxc8 1/2-1/2

[Event "Estadual-ch"]
[Site "Vitoria"]
[Date "2004.11.??"]
[Round "4"]
[White "Silveira, Sergio Rodrigues"]
[Black "Rocha, Jorge Wilson"]
[Result "1/2-1/2"]
[WhiteElo "2135"]
[BlackElo "2245"]
[PlyCount "65"]
[EventDate "2004.11.27"]
[EventType "swiss"]
[EventRounds "8"]
[EventCountry "BRA"]
[SourceTitle "EXT 2022"]
[Source "ChessBase"]
[SourceDate "2021.10.06"]
[SourceVersion "1"]
[SourceVersionDate "2021.10.06"]
[SourceQuality "1"]

1. e4 c5 2. Nf3 Nc6 3. d4 cxd4 4. Nxd4 e5 5. Nb5 d6 6. c4 a6 7. N5a3 Nf6 8. Nc3 Nd4 9. Nc2 Nxc2+ 10. Qxc2 Be6 11. b3 Be7 12. Be2 0-0 13. 0-0 Rc8 14. Qd3 Qc7 15. Bd2 Nd7 16. Rac1 f5 17. Nd5 Qd8 18. exf5 Nc5 19. Nxe7+ Qxe7 20. Qe3 Bxf5 21. f3 Kh8 22. Rcd1 Bc2 23. Rc1 Bg6 24. Rcd1 Rb8 25. Bb4 b6 26. Bxc5 dxc5 27. Bd3 Bxd3 28. Rxd3 Rf6 29. Rd5 Re6 30. Re1 Re8 31. Qe4 h6 32. Red1 Qf6 33. Rd7 1/2-1/2

[Event "BRA-ch sf"]
[Site "Vitoria"]
[Date "2003.09.07"]
[Round "7"]
[White "Silveira, Sergio Rodrigues"]
[Black "Vieira, Paulo Cesar"]
[Result "1-0"]
[WhiteElo "2127"]
[BlackElo "1993"]
[PlyCount "79"]
[EventDate "2003.09.??"]
[EventType "swiss"]
[EventRounds "7"]
[EventCountry "BRA"]
[SourceTitle "EXT 2006"]
[Source "ChessBase"]
[SourceDate "2005.11.24"]
[SourceVersion "1"]
[SourceVersionDate "2005.11.24"]
[SourceQuality "1"]

1. e4 c5 2. Nf3 Nc6 3. d4 cxd4 4. Nxd4 Nf6 5. Nc3 e5 6. Ndb5 d6 7. Nd5 Nxd5 8. exd5 Ne7 9. c4 Nf5 10. Bd3 a6 11. Qa4 Ke7 12. Nc3 Bd7 13. Qd1 Qb6 14. 0-0 g6 15. Kh1 Bg7 16. Ne2 h5 17. Rb1 a5 18. b3 Bh6 19. Bxh6 Rxh6 20. Qc1 Rah8 21. a3 Nd4 22. Qe3 f5 23. Nxd4 Qxd4 24. Qxd4 exd4 25. f4 Ra8 26. Kg1 Rhh8 27. Kf2 Rhb8 28. Ke2 b5 29. Bc2 Kf6 30. Kd3 Re8 31. Rfe1 Rab8 32. cxb5 Bxb5+ 33. Kxd4 Ba6 34. Rxe8 Rxe8 35. Bd3 Bxd3 36. Kxd3 h4 37. b4 axb4 38. axb4 Rb8 39. b5 Rb6 40. Kc4 1-0

[Event "BRA-ch sf"]
[Site "Vitoria"]
[Date "2003.09.06"]
[Round "5"]
[White "Silveira, Sergio Rodrigues"]
[Black "Silveira Filho, Neri da Silva"]
[Result "1/2-1/2"]
[WhiteElo "2127"]
[BlackElo "2219"]
[PlyCount "83"]
[EventDate "2003.09.??"]
[EventType "swiss"]
[EventRounds "7"]
[EventCountry "BRA"]
[SourceTitle "EXT 2006"]
[Source "ChessBase"]
[SourceDate "2005.11.24"]
[SourceVersion "1"]
[SourceVersionDate "2005.11.24"]
[SourceQuality "1"]

1. e4 c6 2. d4 g6 3. f4 d5 4. e5 h5 5. Bd3 Nh6 6. Nf3 Bg4 7. Nbd2 e6 8. Nf1 Bf5 9. Ne3 Bxd3 10. Qxd3 Nf5 11. Nxf5 gxf5 12. Bd2 Qb6 13. 0-0-0 Qa6 14. Qb3 b6 15. Be1 c5 16. Kb1 Nc6 17. Qd3 c4 18. Qe3 b5 19. Bh4 Qb6 20. Bf6 Rg8 21. Ng5 b4 22. Qf3 Nxd4 23. Qxh5 Rxg5 24. fxg5 b3 25. cxb3 cxb3 26. Rxd4 bxa2+ 27. Kxa2 Qxd4 28. Qd1 Qc4+ 29. Qb3 Qxb3+ 30. Kxb3 Rb8+ 31. Ka2 Be7 32. h4 Bxf6 33. exf6 Kd7 34. h5 e5 35. g3 Ke6 36. Rc1 Rh8 37. Rc6+ Kd7 38. g6 Rxh5 39. g7 Rg5 40. Ra6 Rxg3 41. Rxa7+ Ke6 42. Ra6+ 1/2-1/2

[Event "BRA CEAX op 2nd "]
[Site "Brazil"]
[Date "2003.07.05"]
[Round "2"]
[White "Silveira, Sergio Rodrigues"]
[Black "Bonfim, Hudson Soares Do"]
[Result "1-0"]
[WhiteElo "2118"]
[BlackElo "1839"]
[PlyCount "89"]
[EventDate "2003.07.??"]
[EventType "swiss"]
[EventRounds "6"]
[EventCountry "BRA"]
[SourceTitle "EXT 2006"]
[Source "ChessBase"]
[SourceDate "2005.11.24"]
[SourceVersion "1"]
[SourceVersionDate "2005.11.24"]
[SourceQuality "1"]

1. e4 e6 2. d4 d5 3. Nd2 c5 4. exd5 exd5 5. Bb5+ Bd7 6. Bxd7+ Nxd7 7. Ne2 Bd6 8. 0-0 Ngf6 9. Nf3 h6 10. dxc5 Bxc5 11. Nc3 Nb6 12. Qe2+ Be7 13. Re1 Nc8 14. Be3 0-0 15. Rad1 Bb4 16. Qd3 Bxc3 17. Qxc3 Nb6 18. Qb3 Rc8 19. Bxb6 Qxb6 20. Qxb6 axb6 21. c3 b5 22. a3 Rfe8 23. Rxe8+ Rxe8 24. Kf1 Kf8 25. Nd4 b4 26. axb4 Ke7 27. Re1+ Kd6 28. Nf5+ Kc6 29. Rxe8 Nxe8 30. Ke2 Kb5 31. Kd3 g6 32. Nxh6 Nd6 33. b3 Kc6 34. Ng4 g5 35. g3 b5 36. h4 gxh4 37. gxh4 f5 38. Ne5+ Kc7 39. h5 Ne4 40. h6 Nf6 41. Kd4 Kd6 42. Nf7+ Ke7 43. Ng5 Kf8 44. f3 Kg8 45. Ke5 1-0

[Event "BRA CEAX op 2nd "]
[Site "Brazil"]
[Date "2003.07.05"]
[Round "4"]
[White "Silveira, Sergio Rodrigues"]
[Black "Vazzoler, Hermes Junior"]
[Result "1/2-1/2"]
[WhiteElo "2118"]
[BlackElo "2135"]
[PlyCount "24"]
[EventDate "2003.07.??"]
[EventType "swiss"]
[EventRounds "6"]
[EventCountry "BRA"]
[SourceTitle "EXT 2006"]
[Source "ChessBase"]
[SourceDate "2005.11.24"]
[SourceVersion "1"]
[SourceVersionDate "2005.11.24"]
[SourceQuality "1"]

1. e4 e5 2. Nf3 Nf6 3. Nc3 Nc6 4. Bc4 Bc5 5. 0-0 h6 6. d3 d6 7. h3 0-0 8. Na4 Na5 9. Bb3 Nxb3 10. axb3 Nd7 11. Nxc5 Nxc5 12. Be3 b6 1/2-1/2

[Event "BRA CEAX op 2nd "]
[Site "Brazil"]
[Date "2003.07.04"]
[Round "1"]
[White "Lobo, V."]
[Black "Silveira, Sergio Rodrigues"]
[Result "0-1"]
[WhiteElo "1788"]
[BlackElo "2118"]
[PlyCount "110"]
[EventDate "2003.07.??"]
[EventType "swiss"]
[EventRounds "6"]
[EventCountry "BRA"]
[SourceTitle "EXT 2006"]
[Source "ChessBase"]
[SourceDate "2005.11.24"]
[SourceVersion "1"]
[SourceVersionDate "2005.11.24"]
[SourceQuality "1"]

1. d4 d5 2. c4 Nc6 3. Nf3 Bg4 4. e3 e5 5. Be2 e4 6. Ne5 Nxe5 7. dxe5 Bxe2 8. Qxe2 Qg5 9. f4 exf3 10. Qxf3 Qxe5 11. 0-0 Nf6 12. Nc3 Bd6 13. g3 0-0 14. cxd5 h5 15. e4 Ng4 16. Bf4 Qe7 17. Bxd6 Qxd6 18. Kh1 Rae8 19. Rae1 Re7 20. a3 Rfe8 21. Re2 Qg6 22. Rfe1 Qg5 23. Qf5 Qxf5 24. exf5 Rxe2 25. Rxe2 Rxe2 26. Nxe2 Kf8 27. Nf4 Ne3 28. Nxh5 Nxf5 29. Kg1 g6 30. Nf4 Ke7 31. Kf2 Kd6 32. b4 Ne7 33. Ke3 Nxd5+ 34. Kd4 Nxf4 35. gxf4 Ke6 36. Ke4 f5+ 37. Kd4 Kd6 38. a4 c6 39. Kc4 b6 40. Kd4 c5+ 41. bxc5+ bxc5+ 42. Kc4 a6 43. Kc3 Kd5 44. a5 c4 45. Kd2 Kd4 46. Kc2 Ke4 47. Kc3 Kxf4 48. Kxc4 Ke4 49. Kc5 f4 50. Kb6 f3 51. Kxa6 f2 52. Kb7 f1Q 53. a6 Qb5+ 54. Ka7 Kd5 55. h3 Kc6 0-1

[Event "BRA CEAX op 1st "]
[Site "Brazil"]
[Date "2003.03.23"]
[Round "5"]
[White "Bittencourt, Jorge Humberto M"]
[Black "Silveira, Sergio Rodrigues"]
[Result "1-0"]
[WhiteElo "2303"]
[BlackElo "2083"]
[PlyCount "35"]
[EventDate "2003.03.21"]
[EventType "swiss"]
[EventRounds "6"]
[EventCountry "BRA"]
[SourceTitle "EXT 2006"]
[Source "ChessBase"]
[SourceDate "2005.11.24"]
[SourceVersion "1"]
[SourceVersionDate "2005.11.24"]
[SourceQuality "1"]

1. e4 c6 2. d4 d5 3. Nd2 dxe4 4. Nxe4 Bf5 5. Nc5 Qc7 6. Bd3 Bxd3 7. Nxd3 e6 8. Bf4 Qd8 9. Nf3 Nf6 10. 0-0 Bd6 11. Nfe5 Qc7 12. c4 Nbd7 13. Qf3 c5 14. Nxd7 Nxd7 15. Bxd6 Qxd6 16. dxc5 Nxc5 17. Nxc5 Qxc5 18. Qxb7 1-0

[Event "BRA CEAX op 1st "]
[Site "Brazil"]
[Date "2003.03.22"]
[Round "4"]
[White "Silveira, Sergio Rodrigues"]
[Black "Rangel Neto, Celso"]
[Result "1-0"]
[WhiteElo "2083"]
[BlackElo "1800"]
[PlyCount "39"]
[EventDate "2003.03.21"]
[EventType "swiss"]
[EventRounds "6"]
[EventCountry "BRA"]
[SourceTitle "EXT 2006"]
[Source "ChessBase"]
[SourceDate "2005.11.24"]
[SourceVersion "1"]
[SourceVersionDate "2005.11.24"]
[SourceQuality "1"]

1. e4 c5 2. Nf3 Nc6 3. d4 cxd4 4. Nxd4 d6 5. c4 Nf6 6. Nc3 Qa5 7. Nb3 Qd8 8. Be2 a6 9. Be3 Ne5 10. Nd5 Nxd5 11. exd5 Qc7 12. Rc1 Bf5 13. 0-0 Qd7 14. Nd4 Bg4 15. f3 Bf5 16. g4 Bg6 17. f4 Nxg4 18. Bxg4 f5 19. Bh3 h6 20. Qd3 1-0